Harry Potter and the sorcerer's stone / (Record no. 14034)

000 -LEADER
fixed length control field 00819cam a2200241 a 4500
020 ## - INTERNATIONAL STANDARD BOOK NUMBER
ISBN 0590353403
020 ## - INTERNATIONAL STANDARD BOOK NUMBER
ISBN 9781480614970
040 ## - CATALOGING SOURCE
Transcribing agency DLC
082 00 - DEWEY DECIMAL CLASSIFICATION NUMBER
Classification number 751 ART 1998 A087 Or.
100 1# - MAIN ENTRY--AUTHOR NAME
Personal name Rowling, J. K.
245 10 - TITLE STATEMENT
Title Harry Potter and the sorcerer's stone /
250 ## - EDITION STATEMENT
Edition statement 1st American ed.
260 ## - PUBLICATION, DISTRIBUTION, ETC. (IMPRINT)
Place of publication New York :
Name of publisher Arthur A. Levine Books,
Year of publication 1998, c1997.
300 ## - PHYSICAL DESCRIPTION
Number of Pages vi, 309 p. :
Other physical details ill. ;
Dimensions 24 cm.
500 ## - GENERAL NOTE
General note "Published by arrangement with Bloomsbury Pub. Plc."--T.p. verso.
520 ## - SUMMARY, ETC.
Summary, etc Rescued from the outrageous neglect of his aunt and uncle, a young boy with a great destiny proves his worth while attending Hogwarts School for Wizards and Witches.
650 #0 - SUBJECT ADDED ENTRY--TOPICAL TERM
Topical Term Fantasy.
650 #0 - SUBJECT ADDED ENTRY--TOPICAL TERM
Topical Term Witches
650 #0 - SUBJECT ADDED ENTRY--TOPICAL TERM
Topical Term Wizards
650 #0 - SUBJECT ADDED ENTRY--TOPICAL TERM
Topical Term Schools
700 1# - ADDED ENTRY--PERSONAL NAME
Personal name Grandpr©♭, Mary,
942 ## - ADDED ENTRY ELEMENTS (KOHA)
Koha item type សៀវភៅភាសាអង់គ្លេស
952 ## - LOCATION AND ITEM INFORMATION (KOHA)
Withdrawn status [LOCAL, KOHA] 0
Holdings
Permanent Location Date acquired Koha item type Lost status Shelving location Barcode Current Location Full call number
Library Block A2017-10-05សៀវភៅភាសាអង់គ្លេស A111A21328Library Block A751 ART 1998 A111 Or.
មជ្ឈមណ្ឌលឯការនៃសាកលវិទ្យាល័យភូមិន្ទកសិកម្មចំការដូង

Powered by Koha